UM Logo

Data analytics for accounting/ (Record no. 14909)

MARC details
000 -LEADER
fixed length control field 00641nam a22001817a 4500
008 - FIXED-LENGTH DATA ELEMENTS--GENERAL INFORMATION
fixed length control field 200130b ||||| |||| 00| 0 eng d
020 ## - INTERNATIONAL STANDARD BOOK NUMBER
International Standard Book Number 9781260288407
082 ## - DEWEY DECIMAL CLASSIFICATION NUMBER
Edition number 2019
Classification number DC 657.0285
Item number R393
100 ## - MAIN ENTRY--PERSONAL NAME
Personal name Richardson, Vernon
9 (RLIN) 41417
245 ## - TITLE STATEMENT
Title Data analytics for accounting/
Statement of responsibility, etc. Vernon Richardson, Ryan Teeter, Katie Terrell
260 ## - PUBLICATION, DISTRIBUTION, ETC. (IMPRINT)
Place of publication, distribution, etc. New York:
Name of publisher, distributor, etc. McGraw-Hill Education,
Date of publication, distribution, etc. ©2019.
300 ## - PHYSICAL DESCRIPTION
Extent iii, 343 pages:
Other physical details illustrations;
Dimensions 25 cm.
500 ## - GENERAL NOTE
General note Includes glossary and index.
650 ## - SUBJECT ADDED ENTRY--TOPICAL TERM
Topical term or geographic name as entry element Accounting -- Data processing
9 (RLIN) 21461
700 ## - ADDED ENTRY--PERSONAL NAME
Personal name Teeter, Ryan
Relator term Author
9 (RLIN) 41418
700 ## - ADDED ENTRY--PERSONAL NAME
Personal name Terrell, Katie
Relator term Author
9 (RLIN) 41419
942 ## - ADDED ENTRY ELEMENTS (KOHA)
Source of classification or shelving scheme Dewey Decimal Classification
Koha item type Circulation
Holdings
Withdrawn status Lost status Source of classification or shelving scheme Damaged status Not for loan Collection code Home library Current library Date acquired Source of acquisition Total Checkouts Full call number Barcode Date last seen Cost, replacement price Price effective from Koha item type
    Dewey Decimal Classification     Circulation UM Digos College - LIC UM Digos College - LIC 08/08/2019 Purchase   DC 657.0285 R393 2019 25787 05/15/2025 5656.00 01/30/2020 Circulation